| 000 | 003040000a22000970004500 | ||
|---|---|---|---|
| 100 | 1 | _aMuck, Terry C. | |
| 245 | 1 | 0 | _aAfter selfhood : Constructing the religious self in a post-self age |
| 300 | _aVol. 41, Num 1 (Marzo, 1998), Páginas 107-122 | ||
| 773 | 0 | _tJournal of the Theological Society | |
| 942 | _cANA | ||
| 999 |
_c54573 _d54573 |
||